000 00773nam a2200253 a 4500
001 13868
003 BD-RjUL
005 20211208235528.0
008 140202s2012 ii a 000 0 eng d
020 _a9789350067222
035 _a(BD-RjUL)13920
040 _aDLC
_cDLC
_beng
_dBD-RjUL
041 _aeng
082 _a543.089
_219
_bKAH 2012
100 1 _aKaur, H.
_943065
245 1 0 _aChromatography :
_bfor B. Sc. (Hons.), B. Pharma., M. Sc. students of all indian universities and net competitive examination /
_cH. Kaur
250 _a3rd ed.
260 _aIndia :
_bPragati Prakashan,
_c2012.
300 _aviii, 156 p. :
_bill. ;
_c24 cm.
650 0 _aChromatographic analysis
_943346
942 _2ddc
_cBK
999 _c13868
_d13868